Americas Got Talent Season 3 Quiz Stats

 Plays Quiz not verified by Sporcle

Challenge
Share
Tweet
Embed
Score 0/40 Timer 10:00
0 Plays Today
Position Act % Correct
Bottom 5Kaitlyn Maher
75%
Quaterfinal OneElite
75%
Semi-Final OneZooperstars!
66.7%
Semi-Final OneExtreme Dance FX
66.7%
WinnerNeal E.Boyd
66.7%
Quaterfinal OneDC Cowboys
66.7%
Semi-Final TwoThe Tapping Dads
58.3%
Semi-Final OneThe James Gang
58.3%
4thDonald Braswell ll
58.3%
5thQueen Emily
58.3%
Bottom 5Jessica Price
58.3%
Quaterfinal OneDerrick Barry
58.3%
Quaterfinal OneRonny B
58.3%
Quaterfinal OneShimshi
58.3%
Semi-Final TwoJonathan Burkin
50%
Semi-Final OneDaniel Jens
50%
Semi-Final TwoSickStep
50%
Semi-Final OneThe Cadence
50%
Quaterfinal FourBryan Cheatham
50%
Quaterfinal FourDallas Desperados Dancers
50%
Position Act % Correct
Quaterfinal FourDorae Saunders
50%
Quaterfinal FourIndiggo
50%
Quaterfinal ThreeMichael Strelo-Smith
50%
Quaterfinal ThreeBruce Block
50%
Quaterfinal TwoBeyond Belief Dance Company
50%
Quaterfinal TwoKazual
50%
Bottom 5The Wright Kids
50%
Bottom 5Joseph Hall
50%
Bottom 5Paul Salos
50%
Quaterfinal TwoGeorge The Giant
50%
Semi-Final TwoTaubl Family
41.7%
Semi-Final TwoSarah Lenore
41.7%
Quaterfinal FourFlambeaux
41.7%
Quaterfinal ThreeTexas State Strutters
41.7%
Quaterfinal TwoJonathan Arons
41.7%
Quaterfinal TwoSlippery Kittens
41.7%
Quaterfinal ThreeMatthew Piazzi
33.3%
Quaterfinal ThreeShequida Hall
25%
2ndEli Matteson
8.3%
3rdNuttin But Strinhz
8.3%

You're not logged in!

Compare scores with friends on all Sporcle quizzes.
OR
Log In

You Might Also Like...

Show Comments

Extras

Top Quizzes Today


Score Distribution

Your Account Isn't Verified!

In order to create a playlist on Sporcle, you need to verify the email address you used during registration. Go to your Sporcle Settings to finish the process.

Report this User

Report this user for behavior that violates our Community Guidelines.

Details: